| 000 | 00607nmm a2200229 a 4500 | ||
|---|---|---|---|
| 003 | AR-BaBNM | ||
| 005 | 20251128205655.0 | ||
| 008 | 188019s1997 ||||||||||||||000 | spa|| | ||
| 040 | _cAR-BaBNM | ||
| 245 | 1 | 0 | _aGuía de carreras y cursos de gastronomía, hotelería y turismo |
| 250 | _a1ª ed. | ||
| 260 |
_aBuenos Aires _bGuías de Estudio Ediciones _c1997 |
||
| 650 | 4 | _aGUIAS | |
| 650 | 4 | _aFORMACION PROFESIONAL | |
| 650 | 4 | _aCENTROS DE CAPACITACION | |
| 650 | 4 | _aTURISMO | |
| 650 | 4 | _aINDUSTRIA HOTELERA | |
| 653 | 0 | _aGASTRONOMIA | |
| 655 | _aREFERENCIA | ||
| 942 | _cBK | ||
| 998 | _claura | ||
| 999 |
_c12344 _d12344 |
||